Les 100 meilleurs joueurs et joueuses de FIFA 24 (EA FC 24) - Statistiques

Statistiques générales
  • Ce quiz a été pris 1 035 fois
  • Le résultat moyen est 53 sur 131
Statistiques - réponses
Rang Poste Note Joueur Sexe % Correct
1 BU 91 KYLIAN MBAPPE M
98%
3 BU 91 ERLING HAALAND M
93%
4 MC 91 KEVIN DE BRUYNE M
91%
6 AC 90 LIONEL MESSI M
86%
9 G 90 THIBAUT COURTOIS M
80%
8 AC 90 KARIM BENZEMA M
77%
12 BU 90 ROBERT LEWANDOWSKI M
76%
56 AG 87 HEUNG MIN SON M
75%
94 BU 86 CRISTIANO RONALDO M
74%
18 MDC 89 RODRI M
74%
17 AG 89 VINICIUS JR. M
73%
10 BU 90 HARRY KANE M
72%
2 MC 91 ALEXIA PUTELLAS F
71%
13 AD 89 MOHAMED SALAH M
71%
Olympique Lyonnais
69%
44 MC 87 LUKA MODRIC M
67%
Real Madrid
67%
Paris SG
65%
16 DC 89 RUBEN DIAS M
65%
22 DC 89 VIRGIL VAN DIJK M
65%
36 G 88 EDERSON M
64%
FC Barcelone
64%
21 G 89 MARC-ANDRE TER STEGEN M
64%
23 G 89 ALISSON M
63%
Manchester City
63%
19 AG 89 NEYMAR JR. M
62%
86 MC 86 TONI KROOS M
61%
33 MC 88 BERNARDO SILVA M
60%
61 AD 86 OUSMANE DEMBELE M
60%
60 G 87 MANUEL NEUER M
58%
Bayern Munich
57%
65 MC 86 JUDE BELLINGHAM M
56%
Liverpool
56%
7 BU 90 SAM KERR F
56%
29 BU 88 ANTOINE GRIEZMANN M
55%
Manchester Utd
55%
25 MDC 89 CASEMIRO M
54%
67 MC 86 PEDRI M
54%
28 DC 88 WENDIE RENARD F
54%
27 MOC 88 BRUNO FERNANDES M
53%
47 BU 87 LAUTARO MARTINEZ M
53%
Chelsea
52%
Inter Miami
52%
Inter Milan
52%
38 MDC 88 JOSHUA KIMMICH M
52%
54 DC 87 MARQUINHOS M
52%
59 G 87 GIANLUIGI DONNARUMMA M
51%
39 G 88 JAN OBLAK M
50%
AC Milan
49%
51 G 87 MIKE MAIGNAN M
49%
5 MC 90 AITANA BONMATI F
48%
46 MC 87 FRENKIE DE JONG M
48%
Atletico Madrid
47%
85 AC 86 SADIO MANE M
47%
Al Nassr
46%
64 AD 86 BUKAYO SAKA M
46%
90 MDC 86 N'GOLO KANTE M
46%
34 MC 88 FEDERICO VALVERDE M
45%
Arsenal
44%
88 DC 86 EDER MILITAO M
43%
100 AG 85 JACK GREALISH M
43%
66 AG 86 RAFAEL LEAO M
43%
Tottenham
43%
73 MOC 86 JAMAL MUSIALA M
42%
Borussia Dortmund
41%
41 BU 88 MARIE KATOTO F
41%
95 DD 86 TRENT ALEXANDER-ARNOLD M
41%
14 AD 89 KADIDIATOU DIANI F
40%
50 MOC 87 MARTIN ODEGAARD M
40%
76 DC 86 RONALD ARAUJO M
40%
Al Hilal
39%
Juventus
39%
82 DG 86 ANDREW ROBERTSON M
38%
11 AD 90 CAROLINE GRAHAM HANSEN F
37%
78 MC 86 ILKAY GUNDOGAN M
37%
84 DG 86 SAKINA KARCHAOUI F
37%
30 BU 88 VICTOR OSIMHEN M
37%
Al Ittihad
35%
93 DG 86 JOAO CANCELO M
35%
55 G 87 GREGOR KOBEL M
34%
69 DC 86 MATTHIJS DE LIGT M
34%
Naples
34%
74 MC 86 NICOLO BARELLA M
34%
89 AC 86 CHRISTOPHER NKUNKU M
33%
AS Rome
31%
77 AC 86 PAULO DYBALA M
29%
24 BU 89 ADA HEGERBERG F
28%
20 BU 89 ALEX MORGAN F
28%
81 AG 86 KHVICHA KVARATSKHELIA M
28%
45 DD 87 LUCY BRONZE F
27%
15 DC 89 MAPI LEON F
26%
62 DG 86 SELMA BACHA F
26%
31 BU 88 ALEXANDRA POPP F
25%
26 DC 88 IRENE PAREDES F
25%
43 DG 87 FRIDOLINA ROLFO F
22%
71 MD 86 RIYAD MAHREZ M
22%
VfL Wolfsburg
22%
35 BU 88 SOPHIA SMITH F
21%
40 G 88 CHRISTIANE ENDLER F
20%
80 MC 86 SERGEJ MILINKOVIC-SAVIC M
19%
72 MC 86 GRACE GEYORO F
18%
37 AG 88 GURO REITEN F
17%
48 AD 87 BETH MEAD F
16%
83 MC 86 PAREJO M
15%
Newcastle Utd
14%
42 MC 88 PATRI GUIJARRO F
14%
98 G 86 WOJCIECH SZCZESNY M
14%
68 AG 86 LAUREN HEMP F
13%
70 MDC 86 SANDRO TONALI M
13%
Villarreal CF
13%
49 BU 87 EWA PAJOR F
12%
58 G 87 SANDRA PANOS F
12%
Al Ahli
11%
63 G 86 MARY EARPS F
11%
32 MOC 88 DEBINHA F
10%
53 MOC 87 LINA MAGULL F
8%
87 MC 86 LINDSEY HORAN F
8%
96 DD 86 ASHLEY LAWRENCE F
7%
91 MC 86 KIM LITTLE F
7%
57 MOC 87 ROSE LAVELLE F
7%
75 MOC 86 JILL ROORD F
6%
92 BU 86 LEA SCHULLER F
6%
San Diego Wave
5%
79 BU 86 VIVIANNE MIEDEMA F
5%
99 BU 86 CRISTIANA GIRELLI F
4%
97 AG 86 MALLORY SWANSON F
4%
Portland Thorns
4%
Chicago Red Stars
3%
OL Reign
3%
KC Current
2%
52 MDC 87 LENA OBERDAUF F
1%
Aucun quiz correspondant
Distribution des résultats
% des personnes avec chaque résultat
Percentile par nombre de réponses
Votre historique - résultats
Vous n’avez pas pris ce quiz